[Event "Wijk aan Zee"]
[Site "?"]
[Date "1996.??.??"]
[Round "?"]
[White "Gelfand, B."]
[Black "Topalov, Veselin"]
[Result "1/2-1/2"]
[WhiteElo "2700"]
[BlackElo "2700"]
[PlyCount "116"]
[EventDate "1996.??.??"]
[Source "ChessBase"]
[SourceDate "1995.10.01"]

1. Nf3 Nf6 2. c4 g6 3. Nc3 Bg7 4. e4 d6 5. d4 O-O 6. Be2 e5 7. O-O Nc6 8. d5 Ne7 9. Ne1 Ne8 10. Be3 f5 11. f3 f4 12. Bf2 h5 13. c5 g5 14. a4 dxc5 15. Bxc5 Rf6 16. Nd3 Rg6 17. Bf2 g4 18. Bh4 a6 19. g3 Qd6 20. fxg4 Bxg4 21. Bxg4 Rxg4 22. Nf2 Rg6 23. Qxh5 Nf6 24. Qe2 Kf7 25. Kh1 Rh8 26. Rg1 fxg3 27. Bxg3 Nh5 28. Ng4 Ke8 29. Bf2 Nf4 30. Qd1 Qd7 31. Rg3 Rh3 32. Qf3 Rxg3 33. hxg3 Qxg4 34. Qxg4 Rxg4 35. gxf4 exf4 36. Rg1 Rxg1+ 37. Kxg1 Nc8 38. Bc5 Kd7 39. Kg2 Nd6 40. Bxd6 Kxd6 41. Ne2 Bxb2 42. Nxf4 b5 43. Nd3 Be5 44. axb5 a5 45. Kf3 a4 46. Ke2 a3 47. b6 cxb6 48. Nc1 Kc5 49. Kd3 Bf4 50. Kc2 Kc4 51. Kb1 b5 52. d6 Bxd6 53. Ka2 Kd4 54. Nb3+ Kxe4 55. Nc1 Kd4 56. Nb3+ Kc3 57. Nc1 Kb4 58. Nb3 Ka4 1/2-1/2

[Event "Dos Hermanas"]
[Site "?"]
[Date "1996.??.??"]
[Round "?"]
[White "Gelfand, Boris"]
[Black "Polgar, Judit"]
[Result "1-0"]
[WhiteElo "2700"]
[BlackElo "2675"]
[PlyCount "22"]
[EventDate "1996.??.??"]
[Source "www.chesslib.no"]
[SourceDate "2004.05.04"]

1. d4 Nf6 2. Nf3 g6 3. c4 Bg7 4. Nc3 O-O 5. e4 d6 6. Be2 e5 7. O-O Nc6 8. d5 Ne7 9. Ne1 Ne8 10. Be3 f5 11. f3 Kh8 1-0

[Event "Vienna Millenium"]
[Site "Vienna"]
[Date "1996.??.??"]
[Round "8"]
[White "Kortschnoj, Viktor"]
[Black "Polgar, Judit"]
[Result "1/2-1/2"]
[WhiteElo "2635"]
[BlackElo "2665"]
[PlyCount "146"]
[EventDate "1996.08.09"]
[Source "ChessBase"]

1. Nf3 Nf6 2. c4 g6 3. Nc3 Bg7 4. e4 d6 5. d4 O-O 6. Be2 e5 7. O-O Nc6 8. d5 Ne7 9. Ne1 Ne8 10. Be3 f5 11. f3 f4 12. Bf2 h5 13. c5 g5 14. cxd6 cxd6 15. Kh1 Ng6 16. Rc1 Bd7 17. a4 Bh6 18. Nd3 g4 19. fxg4 f3 20. gxf3 Bxc1 21. Qxc1 hxg4 22. Qh6 Qf6 23. fxg4 Qg7 24. Qxg7+ Kxg7 25. Kg2 Rh8 26. Be3 Nf6 27. h3 a6 28. Kg3 Rac8 29. Nf2 Rcf8 30. Rh1 Nf4 31. Bd1 Rh6 32. h4 Rg6 33. g5 N6h5+ 34. Kh2 Rh8 35. Bg4 Bxg4 36. Nxg4 Kf7 37. Rg1 Rg7 38. Nh6+ Kg6 39. Rf1 Rc8 40. Nf5 Rd7 41. Ng3 b5 42. axb5 axb5 43. Bxf4 Nxf4 44. Nf5 Rc5 45. Kg3 b4 46. Nd1 Rc2 47. Kg4 Rg2+ 48. Kf3 Rd2 49. Kg4 Nh5 50. Nde3 Rxb2 51. Nc4 Rg2+ 52. Kf3 Rc2 53. Nfxd6 Rc3+ 54. Kg2 Kh7 55. Ra1 Nf4+ 56. Kf2 Rc7 57. Ne3 Ra3 58. Rb1 Rc1 59. Rxc1 Nd3+ 60. Kf3 Nxc1 61. Ndc4 Rc3 62. d6 Nb3 63. d7 Nd4+ 64. Kg4 Nc6 65. Kf5 b3 66. Kf6 Rxe3 67. Nxe3 b2 68. g6+ Kh8 69. g7+ Kh7 70. Nf5 b1=Q 71. g8=Q+ Kxg8 72. Ne7+ Kh7 73. Nxc6 Qxe4 1/2-1/2

[Event "Buenos Aires"]
[Site "?"]
[Date "1993.??.??"]
[Round "?"]
[White "Kortchnoi, V."]
[Black "Shirov, A."]
[Result "1-0"]
[WhiteElo "2605"]
[BlackElo "2670"]
[PlyCount "77"]
[EventDate "1993.??.??"]
[Source "ChessBase"]
[SourceDate "1993.02.01"]

1. c4 Nf6 2. Nc3 g6 3. e4 d6 4. d4 Bg7 5. Be2 O-O 6. Nf3 e5 7. O-O Nc6 8. d5 Ne7 9. Ne1 Ne8 10. Be3 f5 11. f3 f4 12. Bf2 h5 13. c5 g5 14. a4 Ng6 15. a5 Bh6 16. Nb5 a6 17. Na3 Kh8 18. Nc4 Rg8 19. Ra3 Nf6 20. cxd6 cxd6 21. Nb6 Rb8 22. Rc3 g4 23. fxg4 Nxe4 24. Rxc8 Rxc8 25. Nxc8 Qxc8 26. Bb6 Ne7 27. gxh5 Nf6 28. b3 Nexd5 29. Bc4 Qc6 30. Rf2 Rc8 31. Bxd5 Nxd5 32. Rc2 Nc3 33. Qg4 Bf8 34. Nd3 Qe8 35. Nb4 d5 36. Nxd5 Bc5+ 37. Bxc5 Rxc5 38. h6 Qf8 39. Rxc3 1-0

[Event "It"]
[Site "It \\ Buenos Aires"]
[Date "1993.??.??"]
[Round "5"]
[White "Korchnoi, Viktor L"]
[Black "Shirov, Alexei D"]
[Result "1-0"]
[WhiteElo "2605"]
[BlackElo "2670"]
[PlyCount "65"]
[EventDate "1993.??.??"]
[Source "www.chesslib.no"]
[SourceDate "2004.05.04"]

1. c4 Nf6 2. Nc3 g6 3. e4 d6 4. d4 Bg7 5. Be2 O-O 6. Nf3 e5 7. O-O Nc6 8. d5 Ne7 9. Ne1 Ne8 10. Be3 f5 11. f3 f4 12. Bf2 h5 13. c5 g5 14. a4 Ng6 15. a5 Bh6 16. c6 a6 17. Nb5 h4 18. Ra4 Ne7 19. Rb4 Ng7 20. Qb1 Be6 21. Nxd6 Rb8 22. Qa1 Nc8 23. g3 Bf5 24. Ne8 b6 25. b3 Qd7 26. Bxa6 Rf6 27. Bc5 Re6 28. Qd4 Re7 29. Qd2 Qe6 30. Qg2 Kf7 31. Rxb6 Kxe8 32. Kf2 Kf8 33. dxe6 1-0

[Event "Antwerpen"]
[Site "?"]
[Date "1997.??.??"]
[Round "?"]
[White "Korchnoi, V."]
[Black "Van Wely, L."]
[Result "1-0"]
[WhiteElo "2610"]
[BlackElo "2655"]
[PlyCount "95"]
[EventDate "1997.??.??"]
[Source "ChessBase"]
[SourceDate "1997.06.01"]

1. c4 Nf6 2. d4 g6 3. Nc3 Bg7 4. e4 d6 5. Be2 O-O 6. Nf3 e5 7. O-O Nc6 8. d5 Ne7 9. Ne1 Ne8 10. Be3 f5 11. f3 f4 12. Bf2 g5 13. c5 Ng6 14. a4 Rf7 15. Nd3 Bf8 16. a5 Rg7 17. a6 bxa6 18. Nb4 Nf6 19. Nc6 Qd7 20. Nxa7 dxc5 21. Nxc8 Qxc8 22. Rc1 h5 23. Na4 g4 24. Nxc5 g3 25. Be1 gxh2+ 26. Kxh2 Bxc5 27. Rxc5 Ne8 28. Rh1 Qd8 29. Kg1 Qg5 30. Rh2 Rb8 31. b4 Rb6 32. Ra5 h4 33. Bxa6 Nd6 34. Bf1 Rb8 35. Qc2 Qe7 36. Qc6 Rh7 37. Ra7 Qd8 38. b5 Rb6 39. Ra8 Rb8 40. Rxb8 Qxb8 41. Bf2 Kf8 42. Rh1 Ke7 43. Bc5 Nf8 44. Bd3 Rh6 45. Bf2 Ng6 46. Kh2 Kd8 47. b6 Ne7 48. Qc3 1-0

[Event "Corr"]
[Site "?"]
[Date "1999.??.??"]
[Round "?"]
[White "Morgado Juan Sebastian"]
[Black "Berdichesky Ruben"]
[Result "1/2-1/2"]
[WhiteElo "2618"]
[BlackElo "2633"]
[PlyCount "101"]
[EventDate "1999.??.??"]
[Source "www.chesslib.no"]
[SourceDate "2004.05.04"]

1. d4 Nf6 2. c4 g6 3. Nc3 Bg7 4. e4 d6 5. Be2 O-O 6. Nf3 e5 7. O-O Nc6 8. d5 Ne7 9. Ne1 Ne8 10. Nd3 f5 11. Bd2 Kh8 12. Rc1 Ng8 13. f4 fxe4 14. Nxe4 Bf5 15. Bf3 Nef6 16. Re1 exf4 17. Bxf4 Nxe4 18. Bxe4 Bd7 19. Qd2 Qf6 20. Be3 Rae8 21. Rf1 Qh4 22. Rxf8 Rxf8 23. Bf4 Nf6 24. Bf3 Ng4 25. Rf1 Kg8 26. h3 Bd4+ 27. Kh1 Ne5 28. Nxe5 dxe5 29. Bg5 Qg3 30. d6 c6 31. Be3 e4 32. Qxd4 exf3 33. Rxf3 Rxf3 34. gxf3 Qxf3+ 35. Kh2 Bxh3 36. Qd2 Bf5 37. Bxa7 Qh3+ 38. Kg1 Qg4+ 39. Kf2 Qh4+ 40. Ke3 Qxc4 41. a3 Qe4+ 42. Kf2 Qh4+ 43. Kf1 Qg3 44. Be3 Kf7 45. Qd4 Ke6 46. d7 Bh3+ 47. Ke2 Qg4+ 48. Qxg4+ Bxg4+ 49. Kf2 Kxd7 50. Kg3 Bd1 51. Kh4 1/2-1/2

[Event "Israel 81/489"]
[Site "?"]
[Date "2001.??.??"]
[Round "?"]
[White "Gelfand, B."]
[Black "Kantsler, B."]
[Result "0-1"]
[WhiteElo "2712"]
[BlackElo "2507"]
[PlyCount "68"]
[EventDate "2001.??.??"]
[Source "Chess Informant"]
[SourceDate "2001.02.01"]

1. d4 Nf6 2. c4 g6 3. Nc3 Bg7 4. e4 d6 5. Nf3 O-O 6. Be2 e5 7. O-O Nc6 8. d5 Ne7 9. Ne1 Ne8 10. Be3 f5 11. f3 f4 12. Bf2 h5 13. c5 g5 14. a4 Ng6 15. a5 Rf7 16. cxd6 Nxd6 17. Nd3 Bf6 18. Nc5 Nf8 19. Nb5 Rg7 20. a6 bxa6 21. Nxa6 g4 22. Nxa7 g3 23. Bc5 Bh3 24. gxh3 Qd7 25. Bd3 Qxh3 26. Qe2 Ng6 27. Qg2 Qd7 28. Nxc7 Nh4 29. Qe2 Qh3 30. Ne6 Ng2 31. Rfc1 Qxh2+ 32. Kf1 Qh1+ 33. Bg1 Nh4 34. Nxg7 Nxf3 0-1

[Event "San Francisco"]
[Site "San Francisco"]
[Date "1995.??.??"]
[Round "2"]
[White "Kortschnoj, Viktor"]
[Black "Xie Jun"]
[Result "1/2-1/2"]
[WhiteElo "2635"]
[BlackElo "2555"]
[PlyCount "109"]
[EventDate "1995.02.??"]
[Source "ChessBase"]

1. d4 Nf6 2. c4 g6 3. Nc3 Bg7 4. e4 d6 5. Be2 O-O 6. Nf3 e5 7. O-O Nc6 8. d5 Ne7 9. Ne1 Ne8 10. Be3 f5 11. f3 f4 12. Bf2 h5 13. c5 g5 14. a4 Kh8 15. a5 dxc5 16. Bxc5 Rf6 17. Nb5 a6 18. Na3 Nd6 19. Nd3 Rg6 20. Bxd6 cxd6 21. Nc4 g4 22. Nb6 Rb8 23. Qa4 Ng8 24. Rac1 gxf3 25. Bxf3 Bg4 26. Ne1 Bf6 27. Rc3 Bh4 28. Bxg4 hxg4 29. g3 Bg5 30. Rf2 Qe7 31. Ng2 Rf8 32. Qc2 Qh7 33. Ne3 Nh6 34. Rc7 Rg7 35. Rxg7 Qxg7 36. Nec4 Qe7 37. Qc3 Kg8 38. Qa3 Nf7 39. Rg2 f3 40. Rc2 Bh6 41. Kf1 Rd8 42. Ne3 Bxe3 43. Qxe3 Qg5 44. Kf2 Qxe3+ 45. Kxe3 Ng5 46. Nc4 Rd7 47. Kd3 Rf7 48. Rf2 Nh3 49. Rf1 Rf6 50. Ne3 Rg6 51. Nf5 Kf7 52. Rc1 Ke8 53. Ke3 Kd7 54. Rc4 Rf6 55. Rb4 1/2-1/2

[Event "Elista ol (Men)"]
[Site "Elista"]
[Date "1998.10.11"]
[Round "12"]
[White "Kozul, Zdenko"]
[Black "Fedorov, Alexei"]
[Result "1/2-1/2"]
[WhiteElo "2570"]
[BlackElo "2600"]
[PlyCount "83"]
[EventDate "1998.09.29"]
[Source "ChessBase"]
[SourceDate "1998.11.06"]

1. d4 Nf6 2. Nf3 g6 3. c4 Bg7 4. Nc3 d6 5. e4 O-O 6. Be2 e5 7. O-O Nc6 8. d5 Ne7 9. Ne1 Nd7 10. Nd3 f5 11. Bd2 Kh8 12. Rc1 c5 13. f4 Ng8 14. exf5 gxf5 15. Qc2 e4 16. Nf2 Bd4 17. Ncd1 b5 18. b3 b4 19. Ne3 a5 20. a4 Ndf6 21. Rcd1 Ne7 22. Qc1 Ng6 23. Nc2 Ra7 24. Be1 Qb6 25. Kh1 Rg7 26. Nh3 h6 27. Qd2 Bc3 28. Qe3 Bxe1 29. Rdxe1 Ne7 30. Qd2 Qd8 31. Ne3 Rfg8 32. Bd1 Qf8 33. Nf2 Rg6 34. g3 Qg7 35. Ng2 h5 36. Nh3 Nh7 37. Rf2 Rh6 38. Qb2 Qxb2 39. Rxb2 Rg7 40. Rf2 Ng8 41. Nh4 Ne7 42. Ng2 1/2-1/2

[Event "EU-chT (Men)"]
[Site "Pula"]
[Date "1997.??.??"]
[Round "4"]
[White "Kozul, Zdenko"]
[Black "Fedorov, Alexei"]
[Result "1-0"]
[WhiteElo "2590"]
[BlackElo "2580"]
[PlyCount "115"]
[EventDate "1997.05.05"]
[Source "ChessBase"]

1. d4 Nf6 2. Nf3 g6 3. c4 Bg7 4. Nc3 O-O 5. e4 d6 6. Be2 e5 7. O-O Nc6 8. d5 Ne7 9. Ne1 Nd7 10. Nd3 f5 11. Bd2 Kh8 12. Rc1 Nf6 13. f3 c5 14. g4 h6 15. h4 a6 16. Rb1 Nh7 17. Kg2 Ng8 18. Rh1 Bf6 19. Qe1 Bd7 20. Qg3 Be7 21. f4 fxe4 22. Nxe4 Nhf6 23. Nef2 e4 24. Ne1 h5 25. g5 Ne8 26. Nxe4 Ng7 27. Nc2 Nf5 28. Qf2 Re8 29. Bc3+ Kh7 30. Bd3 b5 31. b3 b4 32. Bb2 Bf8 33. Rbe1 Qa5 34. Ra1 Bg7 35. Bxg7 Kxg7 36. a3 bxa3 37. Rxa3 Qc7 38. Qd2 Re7 39. Raa1 Kh7 40. Rae1 Rf7 41. Ng3 Nge7 42. Ne3 Ng7 43. Nd1 Raf8 44. Nf2 Ng8 45. Qc2 Rxf4 46. Bxg6+ Kh8 47. Nd3 Rg4 48. Qc3 Qc8 49. Re4 Bf5 50. Rxg4 Bxg4 51. Nxh5 Bf3+ 52. Kh2 Bxh5 53. Bxh5 Kh7 54. Bd1 Nf5 55. Nf4 Nd4 56. Ne6 Ne7 57. Qd3+ Kg8 58. Nxf8 1-0

[Event "King's Island, OH"]
[Site "?"]
[Date "2003.11.16"]
[Round "4"]
[White "Gurevich Dmitry"]
[Black "Finegold Ben"]
[Result "1-0"]
[WhiteElo "2540"]
[BlackElo "2630"]
[PlyCount "83"]
[EventDate "2003.??.??"]
[Source "www.chesslib.no"]
[SourceDate "2004.05.04"]

1. d4 Nf6 2. c4 g6 3. Nc3 Bg7 4. e4 d6 5. Nf3 O-O 6. Be2 e5 7. O-O Nc6 8. d5 Ne7 9. Ne1 Ne8 10. Be3 f5 11. f3 f4 12. Bf2 g5 13. Rc1 Ng6 14. c5 Rf7 15. a4 h5 16. b4 Bf8 17. a5 Rg7 18. cxd6 Bxd6 19. Nd3 g4 20. fxg4 Qg5 21. gxh5 Bh3 22. Ne1 Bxg2 23. Nxg2 Nh4 24. Bg4 Nxg2 25. Kxg2 Nf6 26. h3 Nxg4 27. hxg4 Qxh5 28. Rg1 Rxg4+ 29. Qxg4+ Qxg4+ 30. Kh2 Qxg1+ 31. Rxg1+ Kf7 32. Bc5 Rh8+ 33. Kg2 a6 34. Na4 Rg8+ 35. Kf2 Rh8 36. Bxd6 cxd6 37. Nb6 Rh2+ 38. Rg2 Rh8 39. Nc4 Rd8 40. Kf3 Kf6 41. Rh2 Kg6 42. Kg4 1-0

[Event "Novi Sad (ol)"]
[Site "?"]
[Date "1990.??.??"]
[Round "?"]
[White "Agdestein, S."]
[Black "Sokolov, I."]
[Result "1/2-1/2"]
[WhiteElo "2600"]
[BlackElo "2550"]
[PlyCount "114"]
[EventDate "1990.??.??"]
[Source "ChessBase"]
[SourceDate "1990.07.01"]

1. d4 Nf6 2. c4 g6 3. Nc3 Bg7 4. e4 d6 5. Nf3 O-O 6. Be2 e5 7. O-O Nc6 8. d5 Ne7 9. Ne1 Nd7 10. Bg5 h6 11. Be3 f5 12. f3 g5 13. a4 a5 14. Bf2 b6 15. exf5 Nxf5 16. Bd3 Nc5 17. Bb1 Nd4 18. Ra3 Bd7 19. Nb5 Nxb5 20. axb5 e4 21. Bd4 Bxd4+ 22. Qxd4 Qf6 23. Qxf6 Rxf6 24. b4 Nb7 25. Bxe4 Re8 26. bxa5 Nxa5 27. Rc3 Bf5 28. Bxf5 Rxf5 29. Nc2 Rf4 30. Ne3 h5 31. h3 Kh7 32. Rd1 Kg6 33. Kf2 h4 34. Rdc1 Rd4 35. Nf1 Re5 36. R1c2 Rf4 37. Nd2 Kf5 38. Re3 Rd4 39. Ke2 Nb7 40. Ne4 Nc5 41. Nf2 Kf4 42. Rxe5 dxe5 43. Rc3 Na4 44. Nd3+ Kf5 45. Rc2 e4 46. Nb4 exf3+ 47. gxf3 Nc5 48. Na6 Kf4 49. Nxc7 Kg3 50. Na6 Nd7 51. Rc1 Kxh3 52. Ke3 Rf4 53. Rg1 Rf5 54. Kf2 Kh2 55. Rg2+ Kh1 56. Rg1+ Kh2 57. Rg2+ Kh1 1/2-1/2

[Event "Manila (ol)"]
[Site "?"]
[Date "1992.??.??"]
[Round "?"]
[White "Azmayparashvili, Z."]
[Black "Yurtaev, L."]
[Result "0-1"]
[WhiteElo "2610"]
[BlackElo "2515"]
[PlyCount "108"]
[EventDate "1992.??.??"]
[Source "ChessBase"]
[SourceDate "1992.06.01"]

1. d4 Nf6 2. c4 g6 3. Nc3 Bg7 4. e4 d6 5. Be2 O-O 6. Nf3 e5 7. O-O Nc6 8. d5 Ne7 9. Ne1 Nd7 10. Nd3 f5 11. Bd2 f4 12. Rc1 g5 13. Bg4 Ng6 14. f3 Kh8 15. c5 Nxc5 16. Nxc5 dxc5 17. Bxc8 Rxc8 18. Qa4 a6 19. Qa3 c6 20. Be1 g4 21. Kh1 gxf3 22. Rxf3 Rg8 23. Rd1 Qg5 24. Qxc5 cxd5 25. Qxd5 Bf8 26. Rd2 Bc5 27. Qxb7 Nh4 28. Bxh4 Qxh4 29. Re2 Rcd8 30. Qxa6 Rd6 31. Qc4 Bd4 32. Nd5 Qg4 33. Rxf4 exf4 34. Qxd4+ Rg7 35. Rf2 f3 36. Kg1 h5 37. h3 Qg5 38. h4 Qg4 39. Qd3 Rc6 40. Nc3 Rcg6 41. Qxf3 Qxf3 42. Rxf3 Rxg2+ 43. Kf1 Rh2 44. Rf5 Rxh4 45. a4 Rh1+ 46. Kf2 h4 47. Rh5+ Kg8 48. a5 h3 49. a6 Rg2+ 50. Kf3 Rf1+ 51. Ke3 h2 52. a7 Ra1 53. Ne2 Rxa7 54. Kf3 Rxe2 0-1

[Event "Papanastasio 14th"]
[Site "?"]
[Date "1996.??.??"]
[Round "?"]
[White "Kiriakov Petr"]
[Black "Kotronias Vasilios"]
[Result "1/2-1/2"]
[WhiteElo "2515"]
[BlackElo "2610"]
[PlyCount "83"]
[EventDate "1996.??.??"]
[Source "www.chesslib.no"]
[SourceDate "2004.05.04"]

1. d4 Nf6 2. c4 g6 3. Nc3 Bg7 4. e4 d6 5. Nf3 O-O 6. Be2 e5 7. O-O Nc6 8. d5 Ne7 9. Ne1 Ne8 10. Be3 f5 11. f3 f4 12. Bf2 h5 13. c5 g5 14. cxd6 cxd6 15. a4 Ng6 16. a5 Bh6 17. Kh1 Kh8 18. Nb5 a6 19. Nc3 Nf6 20. Na4 g4 21. Nb6 Rb8 22. Nxc8 Qxc8 23. Bb6 Qd7 24. Qa4 Qe7 25. Rc1 Rbc8 26. Nd3 Nh4 27. Rxc8 Rxc8 28. Rc1 Rxc1+ 29. Nxc1 gxf3 30. Bxf3 Ng4 31. Qc4 Qe8 32. Qc7 Nxf3 33. gxf3 Qb5 34. Kg1 Ne3 35. Bxe3 fxe3 36. Qxd6 Bf4 37. Qf8+ Kh7 38. Qf7+ Kh6 39. Qf6+ Kh7 40. Qf7+ Kh6 41. Qf6+ Kh7 42. Qf7+ 1/2-1/2

[Event "NED-ch"]
[Site "Rotterdam"]
[Date "2000.05.08"]
[Round "2"]
[White "Reinderman, Dimitri"]
[Black "Van der Wiel, John TH"]
[Result "1-0"]
[WhiteElo "2561"]
[BlackElo "2558"]
[PlyCount "135"]
[EventDate "2000.05.07"]
[Source "ChessBase"]
[SourceDate "2000.07.27"]

1. e4 g6 2. d4 Bg7 3. c4 d6 4. Nc3 Nf6 5. Nf3 O-O 6. Be2 e5 7. O-O Nc6 8. d5 Ne7 9. Ne1 Ne8 10. Be3 f5 11. f3 f4 12. Bf2 g5 13. c5 h5 14. a4 Nf6 15. Nb5 g4 16. cxd6 cxd6 17. a5 g3 18. Bxa7 Ng6 19. Bb6 Qe7 20. Kh1 gxh2 21. Nc7 Rb8 22. Bc4 h4 23. Ne6 Nh5 24. Kxh2 Ng3 25. Rg1 Re8 26. Nd3 Nf8 27. Nf2 Nxe6 28. dxe6 Bxe6 29. Qb3 Bxc4 30. Qxc4+ Kh7 31. Rac1 Qd7 32. Qc7 Qe6 33. Qc4 Qd7 34. Qc7 Qe6 35. Nh3 Kg6 36. Rgd1 Bf8 37. Qc4 Qxc4 38. Rxc4 Rbc8 39. Rdc1 Rxc4 40. Rxc4 d5 41. exd5 Nf1+ 42. Kg1 Ne3 43. Rc7 Nxd5 44. Rxb7 Ra8 45. Rd7 Nxb6 46. axb6 Bc5+ 47. Kh2 Ra6 48. b7 Rb6 49. Rd5 Be7 50. Rxe5 Kf6 51. Rh5 Rxb7 52. Rxh4 Rxb2 53. Rxf4+ Kg6 54. Rd4 Kf5 55. Rd5+ Kf6 56. Nf4 Ra2 57. Kh3 Ra8 58. g4 Rh8+ 59. Kg2 Re8 60. Kg3 Ba3 61. g5+ Ke7 62. Kg4 Bd6 63. Rb5 Kf7 64. Rb7+ Re7 65. Rxe7+ Bxe7 66. Kf5 Ba3 67. Nd3 Kg7 68. Ke6 1-0

[Event "Campionato Americano 2007"]
[Site "Cali COL"]
[Date "2007.07.16"]
[Round "7.4"]
[White "Vescovi, Geovanni"]
[Black "Zapata, Alonso"]
[Result "1-0"]
[WhiteElo "2609"]
[BlackElo "2504"]
[PlyCount "83"]
[EventDate "2007.07.10"]
[Source "www.chesslib.no"]
[SourceDate "2004.05.04"]

1. d4 Nf6 2. Nf3 g6 3. c4 Bg7 4. Nc3 O-O 5. e4 d6 6. Be2 e5 7. O-O Nc6 8. d5 Ne7 9. Ne1 c5 10. f4 exf4 11. Bxf4 Ne8 12. Nd3 h6 13. g4 g5 14. Bg3 Ng6 15. Qd2 a6 16. e5 dxe5 17. Nxc5 Nf4 18. N5e4 Nd6 19. Bxf4 exf4 20. c5 Nxe4 21. Nxe4 Re8 22. Nd6 Re3 23. Rac1 Qe7 24. Bf3 h5 25. Nxc8 Rxc8 26. gxh5 Bf6 27. d6 Qe5 28. b4 Re8 29. Rcd1 a5 30. Kh1 axb4 31. Qxb4 Rxf3 32. Rxf3 Qe2 33. Rdf1 Qxa2 34. Qb3 Qa6 35. d7 Re5 36. Qd3 Qa5 37. Qd6 Re6 38. Qb8+ Bd8 39. Ra3 Qxa3 40. Qxd8+ Kh7 41. Qxg5 Qd3 42. Rg1 1-0

[Event "Wijk aan Zee II"]
[Site "?"]
[Date "1997.??.??"]
[Round "?"]
[White "Atalik, S."]
[Black "Nijboer, F."]
[Result "1/2-1/2"]
[WhiteElo "2555"]
[BlackElo "2555"]
[PlyCount "71"]
[EventDate "1997.??.??"]
[Source "ChessBase"]
[SourceDate "1996.10.01"]

1. d4 Nf6 2. c4 g6 3. Nc3 Bg7 4. e4 d6 5. Be2 O-O 6. Nf3 e5 7. O-O Nc6 8. d5 Ne7 9. Ne1 Ne8 10. Nd3 f5 11. f4 exf4 12. Nxf4 fxe4 13. Nxe4 Nf5 14. Kh1 Qe7 15. Bd3 Be5 16. a4 Nf6 17. Ng5 Ng4 18. Qxg4 Ne3 19. Nxg6 Rxf1+ 20. Bxf1 hxg6 21. Qe4 Qxg5 22. Bxe3 Qh5 23. Bf4 Bf5 24. Qe3 Bxb2 25. Re1 Bf6 26. c5 Bd7 27. Qb3 Re8 28. Rxe8+ Bxe8 29. cxd6 cxd6 30. Qxb7 Qf5 31. Qb8 Qxf4 32. Qxe8+ Kg7 33. Qd7+ Kh6 34. Qh3+ Kg7 35. Qd7+ Kh6 36. Qh3+ 1/2-1/2

[Event "VII Gibtelecom Masters"]
[Site "Caleta ING"]
[Date "2009.01.29"]
[Round "3"]
[White "Berkes, F."]
[Black "Krush, I."]
[Result "1-0"]
[WhiteElo "2651"]
[BlackElo "2457"]
[PlyCount "127"]
[EventDate "2009.01.27"]
[Source "www.chesslib.no"]
[SourceDate "2004.05.04"]

1. Nf3 Nf6 2. c4 g6 3. Nc3 Bg7 4. d4 O-O 5. e4 d6 6. Be2 e5 7. O-O Nc6 8. d5 Ne7 9. Ne1 Ne8 10. Nd3 f5 11. f3 f4 12. Bd2 h5 13. Rc1 g5 14. c5 Rf7 15. Nb5 Ng6 16. cxd6 cxd6 17. Nf2 a6 18. Na3 b5 19. Nc2 Bf8 20. Nb4 Rg7 21. h3 Nh4 22. Nc6 Qf6 23. Ba5 Bd7 24. Rc3 Be7 25. Qb3 Bf8 26. Rfc1 g4 27. fxg4 Qg5 28. Qd1 Rf7 29. Bf3 Nxf3+ 30. gxf3 hxg4 31. hxg4 Rh7 32. Qf1 Bg7 33. Qg2 Bf6 34. Kf1 Qh4 35. Ke2 Qg3 36. Rg1 Rh2 37. Qf1 Qh4 38. Rc1 Kf7 39. Rh1 Rc8 40. Rxh2 Qxh2 41. Qh3 Qxh3 42. Nxh3 Bh4 43. Nf2 Bxf2 44. Kxf2 Kf6 45. Ke2 Kg5 46. Bd8+ Kh6 47. Bh4 Kg7 48. Be1 Kf6 49. Bb4 Rc7 50. Kd2 Kg5 51. Ba5 Rc8 52. Bd8+ Kh6 53. Bh4 Kg7 54. Rc3 Kf7 55. Nd8+ Kg6 56. a3 Rxc3 57. Kxc3 Bc8 58. Be7 Kg7 59. Kb4 Kg6 60. Nc6 Kf7 61. Ka5 Bxg4 62. Bxd6 Bh5 63. Nxe5+ Kf6 64. Bb8 1-0

[Event "Agios Nikolaos Open"]
[Site "Agios Nikolaos GRE"]
[Date "1995.??.??"]
[Round "9"]
[White "Graf, Alexander"]
[Black "Atalik, Suat"]
[Result "1/2-1/2"]
[WhiteElo "2605"]
[BlackElo "2500"]
[PlyCount "27"]
[EventDate "1995.??.??"]
[Source "www.chesslib.no"]
[SourceDate "2004.05.04"]

1. d4 Nf6 2. c4 g6 3. Nc3 Bg7 4. e4 d6 5. Be2 O-O 6. Nf3 e5 7. O-O Nc6 8. d5 Ne7 9. Ne1 Ne8 10. f3 f5 11. g4 Kh8 12. Ng2 c5 13. Bd2 Ng8 14. h4 1/2-1/2

[Event "Manila (ol)"]
[Site "?"]
[Date "1992.??.??"]
[Round "?"]
[White "Lutz, Ch"]
[Black "van Wely, L."]
[Result "0-1"]
[WhiteElo "2540"]
[BlackElo "2560"]
[PlyCount "98"]
[EventDate "1992.??.??"]
[Source "ChessBase"]
[SourceDate "1992.06.01"]

1. d4 Nf6 2. c4 g6 3. Nc3 Bg7 4. e4 d6 5. Nf3 O-O 6. Be2 e5 7. O-O Nc6 8. d5 Ne7 9. Ne1 Nd7 10. Bd2 f5 11. Rc1 Kh8 12. Nd3 Nf6 13. f3 c5 14. Rb1 f4 15. b4 b6 16. bxc5 bxc5 17. g3 g5 18. g4 h5 19. h3 Rf7 20. Qa4 Ng6 21. Nf2 hxg4 22. hxg4 Bf8 23. Rb2 Bd7 24. Qa6 Bc8 25. Qa3 Rh7 26. Rfb1 Bd7 27. Rb7 Qe7 28. Bf1 Rh4 29. Bh3 Qh7 30. Kh2 Be7 31. Rb8+ Rxb8 32. Rxb8+ Kg7 33. Ne2 Rxh3+ 34. Nxh3 Nh4 35. Rb7 Nxg4+ 36. Kg1 Nf6 37. Kf2 g4 38. Ng5 Qh5 39. Ne6+ Bxe6 40. dxe6 g3+ 41. Kf1 Nxf3 42. Rxe7+ Kg6 43. Nxf4+ exf4 44. Rg7+ Kxg7 45. Qxa7+ Kg8 46. Qf7+ Qxf7 47. exf7+ Kxf7 48. Bxf4 Ne5 49. Bxg3 Nxe4 0-1

[Event "AUT-chT 0102"]
[Site "?"]
[Date "2002.01.20"]
[Round "8"]
[White "Nielsen Peter Heine"]
[Black "Uhlmann Wolfgang"]
[Result "1/2-1/2"]
[WhiteElo "2642"]
[BlackElo "2458"]
[PlyCount "39"]
[EventDate "2002.??.??"]
[Source "www.chesslib.no"]
[SourceDate "2004.05.04"]

1. d4 Nf6 2. c4 g6 3. Nc3 Bg7 4. e4 d6 5. Nf3 O-O 6. Be2 e5 7. O-O Nc6 8. d5 Ne7 9. Ne1 Ne8 10. Be3 f5 11. f3 f4 12. Bf2 g5 13. c5 h5 14. a4 Rf6 15. cxd6 cxd6 16. a5 Nc7 17. Nd3 Rg6 18. g4 hxg4 19. fxg4 Rh6 20. Kg2 1/2-1/2

[Event "NED Ch"]
[Site "NED"]
[Date "1993.??.??"]
[Round "?"]
[White "Sosonko, Gennadi P"]
[Black "Van Wely, Loek"]
[Result "1/2-1/2"]
[WhiteElo "2535"]
[BlackElo "2560"]
[PlyCount "57"]
[EventDate "1993.06.??"]
[Source "www.chesslib.no"]
[SourceDate "2004.05.04"]

1. d4 Nf6 2. c4 g6 3. Nc3 Bg7 4. e4 d6 5. Be2 O-O 6. Nf3 e5 7. O-O Nc6 8. d5 Ne7 9. Ne1 Nd7 10. Nd3 f5 11. Bd2 Kh8 12. Rc1 Nf6 13. f3 c6 14. Nf2 Neg8 15. b4 cxd5 16. cxd5 Bh6 17. Nb5 Ne8 18. a4 Bd7 19. a5 Rf7 20. exf5 Bxf5 21. Bxh6 Nxh6 22. Qd2 Ng8 23. f4 a6 24. Na3 exf4 25. Qxf4 Qe7 26. Qd4+ Qf6 27. Qd2 Re7 28. Bg4 Ng7 29. Nc4 1/2-1/2

[Event "EU-ch 2nd"]
[Site "Ohrid"]
[Date "2001.06.13"]
[Round "12"]
[White "Nielsen, Peter Heine"]
[Black "Kantsler, Boris"]
[Result "1-0"]
[WhiteElo "2585"]
[BlackElo "2507"]
[PlyCount "101"]
[EventDate "2001.06.01"]
[Source "ChessBase"]
[SourceDate "2001.09.13"]

1. d4 d6 2. Nf3 Nf6 3. c4 g6 4. Nc3 Bg7 5. e4 O-O 6. Be2 e5 7. O-O Nc6 8. d5 Ne7 9. Ne1 Ne8 10. Be3 f5 11. f3 f4 12. Bf2 h5 13. c5 g5 14. a4 Rf6 15. cxd6 Nxd6 16. Nb5 a6 17. Nxd6 cxd6 18. Nd3 Rg6 19. Qb3 g4 20. Qb6 Qf8 21. Rfc1 Qf6 22. Be1 h4 23. Nf2 gxf3 24. Bxf3 h3 25. Rxc8+ Rxc8 26. Nxh3 Kh8 27. Nf2 Ng8 28. Qxb7 Rc2 29. b4 Bf8 30. Qxa6 Qg7 31. Qd3 Rc8 32. b5 Nf6 33. Rb1 Nd7 34. a5 Nc5 35. Qd1 Be7 36. Nd3 Bd8 37. Nxc5 Rxc5 38. b6 Qb7 39. Qe2 Qb8 40. Kf1 Rg7 41. a6 Bxb6 42. Qb2 Qc8 43. Qxb6 Kh7 44. a7 Rc2 45. Ra1 Qc4+ 46. Kg1 Qd3 47. Kh1 Rgxg2 48. Bxg2 f3 49. Qf2 fxg2+ 50. Kg1 Rxf2 51. Bxf2 1-0

[Event "HUN-chT 0203"]
[Site "?"]
[Date "2002.10.13"]
[Round "2"]
[White "Varga Zoltan"]
[Black "Vajda Levente"]
[Result "1/2-1/2"]
[WhiteElo "2528"]
[BlackElo "2564"]
[PlyCount "24"]
[EventDate "2002.??.??"]
[Source "www.chesslib.no"]
[SourceDate "2004.05.04"]

1. Nf3 Nf6 2. c4 g6 3. Nc3 Bg7 4. d4 d6 5. e4 O-O 6. Be2 e5 7. O-O Nc6 8. d5 Ne7 9. Ne1 Nd7 10. Nd3 f5 11. exf5 gxf5 12. f4 Ng6 1/2-1/2